Tureckie miasta - nagła śmierć - Statystyki

Ogólne statystyki
  • Ten quiz został rozwiązany 265 razy
  • Średni wynik to 8 z 10
Answers on the Grid
Answers color-coded by a green-red scale on the quiz's grid according to % correct below.
Stambuł
Ankara
Bejrut
Astana
Warna
Izmir
Kopenhaga
Erywań
Bursa
Belfast
Tibilisi
Teheran
Adana
Krasnodar
Glasgow
Gaziantep
Bagdad
Konya
Damaszek
Antalya
Baku
Cankaya
Mariupol
Bagcilar
 
Statystyki odpowiedzi
Odpowiedź % Poprawnych
Stambuł
100%
Ankara
97%
Antalya
84%
Izmir
82%
Gaziantep
80%
Bursa
79%
Cankaya
79%
Bagcilar
78%
Adana
77%
Konya
77%
Nie znaleziono quizów pasujących do podanych kryteriów
Rozkład punktacji
Procent ludzi z każdym wynikiem
Percentyl według liczby udzielonych odpowiedzi
Twoja historia wyników
Nie rozwiązałeś tego quizu